01101nam a2200253 a 4500001001000000003000500010005001700015008004100032010001100073011001100084040000900095100003300104245020800137260004100345500006000386502010900446650003800555650003000593650005500623650004400678650003900722856001600761856007000777000113994CHAP20220329144422.0171017s2017 mx a fsm |||||||spa d a110455 a111427 cCHAP1 aAguilera Blanco, Ana María10aIdentificación y evaluación de fungicidas in vitro de pudrición morena (Monilinia fructicola (Winter) Honey) en durazno (Prunus persica (L) Batsch) /h[En línea]cpor Ana María Aguilera Blanco. aChapingo, Méx. :bEl autor,c2017. aPara ver el contenido del material haga clic en la liga aTesis (Ing. Agr. Esp. en Parasitología Agrícola) -- UACH. Departamento de Parasitología Agrícola14aDuraznoxEnfermedades por hongos.14aFungicidasxAplicación.14aMonilinia fructicolaxFisiología y morfología.14aMonilinia fructicolaxIdentificación.14aPudrición de la raízxDurazno. a1 n0000123 aFinding aiduhttp://10.13.5.2/tesis/sist113994.pdfzTeclea aquí